[Event "BRA-ch U20 Girls"]
[Site "Florianopolis"]
[Date "2003.05.18"]
[Round "7"]
[White "Cruz, Marina"]
[Black "Prates, Jeanine"]
[Result "1-0"]
[WhiteElo "1804"]
[BlackElo "1800"]
[PlyCount "77"]
[EventDate "2003.05.??"]
[EventType "swiss"]
[EventRounds "7"]
[EventCountry "BRA"]
[SourceTitle "EXT 2006"]
[Source "ChessBase"]
[SourceDate "2005.11.24"]
[SourceVersion "1"]
[SourceVersionDate "2005.11.24"]
[SourceQuality "1"]

1. d4 d5 2. c4 dxc4 3. e3 Qd5 4. Nc3 Qc6 5. b3 b5 6. bxc4 bxc4 7. Qf3 Qxf3 8. Nxf3 Bg4 9. Ne5 Be6 10. Nxc4 Bxc4 11. Bxc4 e6 12. Bd2 Nf6 13. Rb1 c6 14. 0-0 Bd6 15. Bd3 0-0 16. Ne4 Nxe4 17. Bxe4 a6 18. Rfc1 Rd8 19. g3 a5 20. Bxc6 Nxc6 21. Rxc6 e5 22. d5 Be7 23. e4 a4 24. Bb4 Bxb4 25. Rxb4 f5 26. f3 f4 27. gxf4 exf4 28. a3 g5 29. h3 h5 30. Rg6+ Kf7 31. Rxg5 h4 32. Rb7+ Kf6 33. Rf5+ Kg6 34. Rb6+ Kg7 35. Rxf4 Rh8 36. Rg4+ Kf7 37. e5 Rh5 38. Rb7+ Ke8 39. Rg8# 1-0

[Event "BRA-ch U20 Girls"]
[Site "Florianopolis"]
[Date "2003.05.17"]
[Round "4"]
[White "Prates, Jeanine"]
[Black "Reis, Fernanda"]
[Result "0-1"]
[WhiteElo "1800"]
[BlackElo "1711"]
[PlyCount "40"]
[EventDate "2003.05.??"]
[EventType "swiss"]
[EventRounds "7"]
[EventCountry "BRA"]
[SourceTitle "EXT 2006"]
[Source "ChessBase"]
[SourceDate "2005.11.24"]
[SourceVersion "1"]
[SourceVersionDate "2005.11.24"]
[SourceQuality "1"]

1. e4 e5 2. Bc4 Bc5 3. Nf3 d6 4. d4 exd4 5. Nxd4 Nf6 6. Nc3 0-0 7. Bg5 Nbd7 8. Nd5 c6 9. Nf4 Ne5 10. Nde6 Qa5+ 11. c3 Nxc4 12. Nxf8 Kxf8 13. Bxf6 gxf6 14. Nd3 Bd7 15. Nxc5 Qxc5 16. Qb3 Re8 17. Qc2 Bf5 18. 0-0-0 Bxe4 19. Qb3 Qxf2 20. Qxc4 Qc2# 0-1